Sports Quiz

Random Sports or World Quiz

FIFA World Cup 2010 Quiz Stats

 Plays Quiz not verified by Sporcle

Score 0/58 Timer 10:00
0 Plays Today
wlkcdb Answer % Correct
FactsSouth Africa
97.1%
TeamsSpain
81.6%
TeamsThe Netherlands
81.3%
TeamsGermany
77.1%
TeamsUruguay
72.3%
PlayersDiego Forlan(Uruguay) David Villa(Spain) Wesley Sneijder(The Netherlands)
64.8%
PlayersIker Casillas(Spain)
64.2%
PlayersThomas Muller(Germany)
55.8%
FactsJabulani
53.5%
Group ASouth Africa
52.9%
Group AFrance
52.9%
FactsHoward Webb (UK)
52.6%
Group AUruguay
52.3%
Group AMexico
51.6%
Group HSpain
51.6%
PlayersDiego Forlan(Uruguay)
50.6%
Group CEngland
50.6%
Group CUnited States
49.7%
Group GBrazil
48.4%
Group BArgentina
48.1%
Group CAlgeria
47.1%
Group DGermany
47.1%
Group GPortugal
46.8%
Group DGhana
46.5%
SymbolsVuvuzelas
45.8%
Group CSlovenia
45.5%
Group HSwitzerland
45.5%
Group ENetherlands
44.8%
Group GCote D'Ivoire
44.8%
wlkcdb Answer % Correct
Group FItaly
44.5%
Group GKorea DPR
44.5%
Group HChile
43.5%
SymbolsShakira and Freshlyground
42.3%
Group BKorea Republic
42.3%
Group FNew Zealand
41.6%
Group BNigeria
41.3%
Group HHonduras
40.3%
Group FSlovakia
40.3%
Group EJapan
40%
Group FParaguay
40%
Group BGreece
39.7%
Group DAustralia
39.7%
Group EDenmark
38.4%
Group DSerbia
38.1%
Group ECameroon
37.1%
SymbolsWaka Waka
34.8%
Stadiums 1Soccer City
23.5%
Facts145
18.7%
Stadiums 1Ellis Park
9%
SymbolsZakumi
8.7%
Stadiums 1Green Point
8.7%
Stadiums 1Durban Stadium
7.1%
Stadiums 2Loftus Versfeld
6.5%
Stadiums 2Nelson Mandela Bay
6.5%
Stadiums 3Free State Stadium
5.5%
Stadiums 3Royal Bafoken
4.8%
Stadiums 2Peter Mokaba
4.5%
Stadiums 2Mbombela
4.2%

You're not logged in!

Compare scores with friends on all Sporcle quizzes.
OR
Log In

Show Comments

Extras

Top Quizzes Today


Score Distribution

Your Account Isn't Verified!

In order to create a playlist on Sporcle, you need to verify the email address you used during registration. Go to your Sporcle Settings to finish the process.

Report this User

Report this user for behavior that violates our Community Guidelines.

Details: